000 00511 a2200193 4500
005 20240520124029.0
010 _aB-759115
020 _a9789354716430
_c599.00
035 _aB-759115
037 _bGift
082 _aN
100 _aTarshis, Lauren
_966452
245 _aI Survived The American Revolution,1776/
_cLauren Tarshis
260 _aLondon
_bScholastic
_c2023
270 _aLondon
_bLondon
300 _a158 p.
_c22 cm(Pb)
942 _adpl
_cCH
_2ddc
_hN
_mTAR
999 _c203010
_d203010